Participación política del venezolano a inicios del siglo XXI: ¿base para la consolidación del sistema democrático nacional? /
Guardado en:
| Hovedforfatter: | |
|---|---|
| Andre forfattere: | |
| Format: | Texto |
| Fag: | |
| Tags: |
Tilføj Tag
Ingen Tags, Vær først til at tagge denne postø!
|
MARC
| LEADER | 00000 a a2200000 04500 | ||
|---|---|---|---|
| 001 | 4637 | ||
| 003 | |||
| 040 | |||
| 100 | |a Reverón, Zaira | ||
| 245 | |a Participación política del venezolano a inicios del siglo XXI: |b ¿base para la consolidación del sistema democrático nacional? / |c Zaira Reverón | ||
| 650 | |a PARTICIPACION POLITICA | ||
| 650 | |a DEMOCRACIA | ||
| 650 | |a POLITICA | ||
| 650 | |a VENEZUELA | ||
| 700 | |a Vargas, Adolfo | ||
| 773 | |g número 38; páginas 29-53 | ||
| 999 | |c 26691 |d 26691 | ||
